Lun yu xu shuo si kao /
Disimpan dalam:
| Pengarang-pengarang Lain: | |
|---|---|
| Format: | Buku |
| Bahasa: | Chinese |
| Diterbitkan: |
Taibei,
[Min guo 55 i.e. 1966]
|
| Siri: | Wu qiu bei zhai Lun yu ji cheng ;
122. |
| Subjek-subjek: | |
| Penanda-penanda: |
Tambah Penanda
Tiada Penanda, Jadilah orang pertama menanda rekod ini!
|
| LEADER | 01305cam a2200325ui 4500 | ||
|---|---|---|---|
| 001 | 007724442-7 | ||
| 005 | 20024617111505.0 | ||
| 008 | 960729r1966uuuuch 000 0 chi d | ||
| 035 | 0 | |a ocm35157798 | |
| 040 | |a PPiU |c PPiU |d *YNH* |d CStRLIN | ||
| 245 | 0 | 0 | |6 880-01 |a Lun yu xu shuo si kao / |c Yan Lingfeng bian ji. |
| 260 | |6 880-02 |a Taibei, |c [Min guo 55 i.e. 1966] | ||
| 300 | |a 1 v. (double leaves) in case. | ||
| 490 | 1 | |6 880-03 |a Wu qiu bei zhai Lun yu ji cheng ; |v 122 | |
| 500 | |6 880-04 |a (In Yan Lingfeng bian ji Wu qiu bei zhai Lun yu ji cheng v. 281) | ||
| 500 | |6 880-05 |a Facsimile reproduction of Riben pai yin ben. | ||
| 600 | 0 | 0 | |6 880-06 |a Confucius. |t Lun yu. |
| 650 | 0 | |a Chinese classics. | |
| 700 | 1 | |6 880-07 |a Yan, Lingfeng, |d 1904- |e comp. | |
| 880 | 0 | 0 | |6 245-01 |a 論語序說私考 / |c 嚴靈峯編輯. |
| 880 | |6 260-02 |a 台北, |c [民國55 i.e. 1966] | ||
| 880 | 1 | |6 490-03 |a 無求備齋論語集成 ; |v 122 | |
| 880 | |6 500-04 |a (In 嚴靈峯編輯 無求備齋論語集成 v. 281) | ||
| 880 | |6 500-05 |a Facsimile reproduction of 日本排印本. | ||
| 880 | 0 | 0 | |6 600-06 |a Confucius. |t 論語. |
| 880 | 1 | |6 700-07 |a 嚴靈峯, |d 1904- |e comp. | |
| 830 | 0 | |6 880-53 |a Wu qiu bei zhai Lun yu ji cheng ; |v 122. | |
| 880 | 0 | |6 830-53 |a 無求備齋論語集成 ; |v 122. | |
| 988 | |a 20021109 | ||
| 906 | |0 OCLC | ||


